000 00344 a2200157 4500
001 151432
040 _cEscola São Tomás de Aquino
100 _aMARQUES, Cristina
240 1 0 _aO nariz curioso
_lpor
245 1 0 _aO nariz curioso
300 _a32
362 0 _a2001
440 1 _aScipione
697 _a*LITERATURA INFANTO
942 _cBK
999 _c151432
_d151432